| 000 | 00881nas1a22002651i 4500 | ||
|---|---|---|---|
| 001 | RU\NLR\INFOCOMM33\1000079200 | ||
| 005 | 20260406210405.0 | ||
| 035 | _a(NLR Aleph) 002533384 | ||
| 090 |
_a2869432 _c2869432 |
||
| 100 | _a20040428c1994 |||y0rusy50 ca | ||
| 101 | 0 | _arus | |
| 102 | _aRU | ||
| 110 | _aayu||||0|y0 | ||
| 200 | 1 |
_aМишка _eДет. журн. комиксов _fИзд. АО "Махаон" |
|
| 210 |
_aМ. _d1994- |
||
| 712 | 0 | 2 |
_4570 _a"Махаон", акционерное общество _cМосква _9430786 _3RU\NLR\AUTH\889967223 |
| 801 | 1 |
_aRU _bInfoComm _c20040428 |
|
| 801 | 0 |
_aRU _bNLR _gPSBO |
|
| 852 |
_aNLR _jП29/682 |
||
| 942 | _cJOURNAL | ||
| 980 | _aRUSPER | ||